From alienation to affirmation: A study of Shashi Dashpande's novels (Record no. 125708)

MARC details
000 -LEADER
fixed length control field 00341nam a2200133Ia 4500
008 - FIXED-LENGTH DATA ELEMENTS--GENERAL INFORMATION
fixed length control field 230917s9999||||xx |||||||||||||| ||und||
040 ## - CATALOGING SOURCE
-- 205258
Original cataloging agency VIVEKANANDA LIBRARY
041 ## - Language
-- English
082 ## - DDC NUMBER
Classification number 823.09 M471F
100 ## - MAIN ENTRY--PERSONAL NAME
Personal name Meenu
245 #0 - TITLE STATEMENT
Title From alienation to affirmation: A study of Shashi Dashpande's novels
300 ## - PHYSICAL DESCRIPTION
Pages 228 p.
942 ## - ADDED ENTRY ELEMENTS (KOHA)
Koha item type Thesis
Holdings
Withdrawn status Lost status Damaged status Not for loan Location (home branch) Sublocation or collection (holding branch) Date acquired Koha issues (times borrowed) Koha full call number Accession No. Koha date last seen Koha item type
        VIVEKANANDA LIBRARY VIVEKANANDA LIBRARY 07/02/2013   823.09 M471F 221667 17/09/2023 Thesis
© Designed and Maintained by Vivekananda Library, MDU Rohtak